000 00603nam a2200229Ia 4500
003 OSt
005 20220918173943.0
006 a|||||r|||| 00| 0
007 ta
008 220917b |||||||| |||| 00| 0 eng d
024 _a9,451
037 _cTextual
040 _aARTS
_cARTS
_beng
041 _2eng
_aeng
082 _a2:51, G8
100 _aKelley Grace O.
_948570
245 0 _aClassification of books
_b an inquiry into its usefulness to the reader
260 _c1938
650 _aLIBRARY SCIENCE
942 _h2:51, G8
_cTEXL
_2CC
999 _c151093
_d151093